Laboratory techniques in electroanalytical chemistry

-д хадгалсан:
Номзүйн дэлгэрэнгүй
Үндсэн зохиолчид: Kissinger, Peter T (Зохиогч), Heineman, William R (Зохиогч)
Формат: Ном
Хэл сонгох:англи
Хэвлэсэн: Nueva York Marcel Dekker 1984
Цуврал:Monographs in Electroanalytical Chemistry and Electrochemistry
Нөхцлүүд:
Шошгууд: Шошго нэмэх
Шошго байхгүй, Энэхүү баримтыг шошголох эхний хүн болох!

MARC

LEADER 00000nam a2200000 a 4500
001 UCT4398
003 CL-VaPUC
008 961112e19840000US |||||||||||||||||eng|d
082 0 4 |a 543.087  |b KIS  |2 21 
100 0 |a Kissinger, Peter T  |e author  |9 373682 
700 0 |a Heineman, William R  |e author  |9 373683 
245 1 0 |a Laboratory techniques in electroanalytical chemistry 
300 |a 751 p 
942 |c BK 
945 |d 19961112 00:00:00  |a paguirre 
260 |a Nueva York  |b Marcel Dekker  |c 1984 
650 0 |a Química analítica  |9 259648 
650 0 |a Electroquímica  |9 263973 
650 0 |a Análisis electrolítico   |9 373684 
650 7 |a ELECTRODOS  |2 CL-VaPUC  |9 306983 
650 0 |a Cromatografía   |9 263967 
583 |a last modification  |c 19961112 00:00:00  |k Rodrigo Vera 
490 0 |a Monographs in Electroanalytical Chemistry and Electrochemistry 
999 |c 253769  |d 253767 
952 |0 0  |1 0  |4 0  |6 543_087000000000000_KIS_1984  |7 0  |8 A  |9 274839  |a BIBCUR  |b BIBCUR  |d 2019-11-19  |i 1787292  |o 543.087 KIS 1984  |p 1787292  |r 2025-04-22  |w 2019-11-19  |y BK  |k QUI